| 000 | 01105nas a2200361 4500 | ||
|---|---|---|---|
| 001 | BR0805089 | ||
| 003 | BR-BrBNA | ||
| 005 | 20231205111908.0 | ||
| 007 | ta | ||
| 008 | 230509b bl.|||p| |||| 00| 00por d | ||
| 040 |
_aBR-BrBNA _bpor _cBiblioteca Nacional de Agricultura |
||
| 041 | _a(Pt) | ||
| 072 | _aL73 | ||
| 100 | 1 | _aSilva, A.D'.A. da | |
| 100 | 1 | _aSortiça, V.A. | |
| 100 | 1 | _aBraga, A.C. | |
| 100 | 1 | _aSpilki, F.R. | |
| 100 | 1 | _aFranco, A.C. | |
| 100 | 1 | _aEsteves, P.A. | |
| 100 | 1 | _aRijsewijk, F. | |
| 100 | 1 | _aRosa, J.C.A. | |
| 100 | 1 | _aBatista, H.B.C.R. | |
| 100 | 1 | _aOliveira, A.P. | |
| 100 | 1 | _aRoehe, P.M. | |
| 245 | 1 | _aCaracterização antigência e molecular de oito amostras do vírus da doenças de Aujeszky isoladas no estado do Rio Grande do Sul em 2003 | |
| 650 | _aDOENÇA ANIMAL | ||
| 650 | _aEPIDEMIOLOGIA | ||
| 650 | _aSUÍNO | ||
| 650 | _aRIO GRANDE DO SUL | ||
| 773 | 0 |
_tPesquisa Veterinária Brasileira (Brazil) _xISSN 0100-736X _g(Jan-Mar 2005), v. 25(1) p. 21-24 _wBR0805089 |
|
| 909 |
_a202311 _bLúcia _c55 _dLúcia Elande |
||
| 942 |
_2AGRIS _n0 _cANA |
||
| 999 |
_c195003 _d195003 |
||